Statistiques concernant Les Simpson - S01E11 : L'Espion qui venait de chez moi

Cliquez ici pour prendre le quiz!

Statistiques générales

  • Ce quiz a été pris 5 fois
  • Le résultat moyen est 5 sur 10

Statistiques - réponses

QuestionRéponse% Correct
De quel pays vient l'étudiant venant habiter chez les Simpson ?l'Albanie
80%
Sur quelle affaire de Bart glisse Homer depuis le haut de l'escalier ?son skate board
80%
Pour combien de temps Bart doit-il partir en France ?3 mois
60%
Que donne le gendarme français à Bart pour le consoler avant de l'aider ?un bonbon
60%
Quel cadeau Bart ramène-t-il de la France pour Lisa ?une petite guillotine
60%
Quel est le numéro du vol de retour de Bart depuis la France ?1789
40%
Quel est le nom de code d'espion d'Adil ?Perroquet
40%
Lorsque la mère de Skinner vient lui rendre visite à l'école, comment l'appelle-t-elle devant les élèves ?poussin
40%
Quelle blague Bart réalise-t-il dans l'école ?il jette un pétard dans les toilettes
20%
Pour qui Bart ramène-t-il à manger en rentrant de l'école ?une grenouille
20%

Distribution des résultats

Percentile par nombre de réponses

% des personnes avec chaque résultat

Votre développement - résultats

Vous n’avez pas pris ce quiz